000
00234nam a2200097Ia 4500
008
230508s1997 xx 000 0 und d
041
_a
eng
100
_a
KANITKAR S.G.
245
_a
INDUSTRIAL ORGANISATION & MANAGEMENT
260
_c
1997
999
_c
311184
_d
311184